UBT Library

Physical dysfunction practice skills for the occupational therapy assistant / (Record no. 42707)

000 -LEADER
fixed length control field 00843cam a2200229 a 4500
001 - CONTROL NUMBER
control field 708294
005 - DATE AND TIME OF LATEST TRANSACTION
control field 20180215092619.0
008 - FIXED-LENGTH DATA ELEMENTS--GENERAL INFORMATION
fixed length control field 970421s1998 moua b 001 0 eng
010 ## - LIBRARY OF CONGRESS CONTROL NUMBER
LC control number 97016858
020 ## - INTERNATIONAL STANDARD BOOK NUMBER
International Standard Book Number 0815130910
040 ## - CATALOGING SOURCE
Original cataloging agency DLC
Transcribing agency DLC
Modifying agency DLC
041 ## - LANGUAGE CODE
Language code of text/sound track or separate title eng
080 ## - UNIVERSAL DECIMAL CLASSIFICATION NUMBER
Universal Decimal Classification number 615.8515 EAR
082 00 - DEWEY DECIMAL CLASSIFICATION NUMBER
Classification number 615.8515 EAR
Edition number 21
100 ## - Rafti
Rafti 8
101 ## - Shkurtesa
Shkurtesa EKFZ
245 00 - TITLE STATEMENT
Title Physical dysfunction practice skills for the occupational therapy assistant /
Statement of responsibility, etc edited by Mary Beth Early ; with editorial contributions from Lorraine Williams Pedretti.
504 ## - BIBLIOGRAPHY, ETC. NOTE
Bibliography, etc Includes bibliographical references and index.
906 ## - LOCAL DATA ELEMENT F, LDF (RLIN)
a 7
b cbc
c orignew
d 1
e ocip
f 19
g y-gencatlg
942 ## - ADDED ENTRY ELEMENTS (KOHA)
Source of classification or shelving scheme
Item type Books
Holdings
Withdrawn status Lost status Source of classification or shelving scheme Damaged status Not for loan Collection code Permanent location Current location Shelving location Date acquired Total Checkouts Full call number Barcode Date last seen Price effective from Koha item type
          Koleksioni i përgjithshem UBT - Lipjan UBT - Lipjan Koleksioni i përgjithshem 02/15/2018   615.8515 EAR 002-2998769 02/15/2018 02/15/2018 Books
UBT Library © 2015-2024. All rights reserved University Education for Business and Technology